| 000 | 00766cam a22002174a 4500 | ||
|---|---|---|---|
| 001 | 12961322 | ||
| 005 | 20250124120708.0 | ||
| 008 | 021008s2003 ilua b 001 0 eng | ||
| 020 | _a086688792X | ||
| 050 | 0 | 0 |
_aRA975.5.E5 _bA26 2003 |
| 082 | 0 | 0 |
_a362.11/068 _222 |
| 245 | 0 | 0 |
_aAccreditation issues for emergency departments : _bimproving health care quality and safety. |
| 260 |
_aOakbrook Terrace, IL : _bJoint Commission Resources, _cc2003. |
||
| 300 |
_aix, 150 p. : _bill. ; _c28 cm. |
||
| 650 | 0 |
_aHospitals _xEmergency services _xQuality control. |
|
| 650 | 0 |
_aHospitals _xEmergency services _xSafety measures. |
|
| 650 | 0 | _aMedical emergencies. | |
| 650 | 0 |
_aHospitals _xNeeds assessment. |
|
| 710 | 2 | _aJoint Commission Resources, Inc. | |
| 942 |
_2lcc _cBK _n0 |
||
| 999 |
_c2997 _d2997 |
||